<?xml version="1.0" encoding="UTF-8"?>
<record
    xmlns:xsi="http://www.w3.org/2001/XMLSchema-instance"
    xsi:schemaLocation="http://www.loc.gov/MARC21/slim http://www.loc.gov/standards/marcxml/schema/MARC21slim.xsd"
    xmlns="http://www.loc.gov/MARC21/slim">

  <leader>02384nam a2200325   4500</leader>
  <controlfield tag="003">OSt</controlfield>
  <controlfield tag="005">20260512121612.0</controlfield>
  <controlfield tag="008">260512b        |||||||| |||| 00| 0 aze d</controlfield>
  <datafield tag="040" ind1=" " ind2=" ">
    <subfield code="a">AZ-XaKU</subfield>
    <subfield code="b">aze</subfield>
    <subfield code="c">AZ-XaKU</subfield>
  </datafield>
  <datafield tag="041" ind1="0" ind2=" ">
    <subfield code="a">aze</subfield>
  </datafield>
  <datafield tag="050" ind1="1" ind2="4">
    <subfield code="a">HJ9925 .A9 .K43 2000</subfield>
  </datafield>
  <datafield tag="100" ind1="1" ind2=" ">
    <subfield code="a">Xanki&#x15F;iyev, B&#x259;ybala.</subfield>
    <subfield code="e">m&#xFC;&#x259;llif</subfield>
  </datafield>
  <datafield tag="245" ind1="1" ind2="0">
    <subfield code="a">B&#xFC;dc&#x259; u&#xE7;otu</subfield>
    <subfield code="b"> : d&#x259;rs v&#x259;saiti</subfield>
    <subfield code="c"> / B&#x259;ybala Xanki&#x15F;iyev ; elmi redaktor S. N. &#x130;smay&#x131;lov ; r&#x259;y&#xE7;il&#x259;r &#x15E;. B&#x259;d&#x259;lov, M. R&#x259;sulov </subfield>
  </datafield>
  <datafield tag="264" ind1=" " ind2=" ">
    <subfield code="a">Bak&#x131; :</subfield>
    <subfield code="b">"Biznes Universiteti ,</subfield>
    <subfield code="c">2000.</subfield>
  </datafield>
  <datafield tag="300" ind1=" " ind2=" ">
    <subfield code="a">198, [2] s&#x259;hif&#x259; ;</subfield>
    <subfield code="c">20 sm.</subfield>
  </datafield>
  <datafield tag="336" ind1=" " ind2=" ">
    <subfield code="a">text</subfield>
    <subfield code="b">txt</subfield>
    <subfield code="2">rdacontent</subfield>
  </datafield>
  <datafield tag="337" ind1=" " ind2=" ">
    <subfield code="a">unmediated</subfield>
    <subfield code="b">n</subfield>
    <subfield code="2">rdamedia</subfield>
  </datafield>
  <datafield tag="338" ind1=" " ind2=" ">
    <subfield code="a">volume </subfield>
    <subfield code="b">nc</subfield>
    <subfield code="2">rdacarrier</subfield>
  </datafield>
  <datafield tag="500" ind1=" " ind2=" ">
    <subfield code="a">Az&#x259;rbaycan Respublikas&#x131; T&#x259;hsil Nazirliyinin 23.05.200-ci il tarixli 494 sayl&#x131; &#x259;mri il&#x259; ali m&#x259;kt&#x259;b t&#x259;l&#x259;b&#x259;l&#x259;ri &#xFC;&#xE7;&#xFC;n d&#x259;rs v&#x259;saiti kimi t&#xF6;vsiy&#x259; edilmi&#x15F;dir.</subfield>
  </datafield>
  <datafield tag="504" ind1=" " ind2=" ">
    <subfield code="a">&#x130;stifad&#x259; olunmu&#x15F; &#x259;d&#x259;biyyat : s. 198.</subfield>
  </datafield>
  <datafield tag="505" ind1="0" ind2=" ">
    <subfield code="a">Giri&#x15F; -- I F&#x259;sil. M&#xFC;hasibat u&#xE7;otu haqq&#x131;nda &#xFC;mumi m&#xFC;dd&#x259;alar -- II F&#x259;sil. B&#xFC;dc&#x259; idar&#x259;, m&#xFC;&#x259;ssis&#x259; v&#x259; t&#x259;&#x15F;kilatlar&#x131;nda b&#xFC;dc&#x259; u&#xE7;otunun t&#x259;&#x15F;kili -- III F&#x259;sil. B&#xFC;dc&#x259; idar&#x259;, m&#xFC;&#x259;ssis&#x259; v&#x259; t&#x259;&#x15F;kilatlar&#x131;nda b&#xFC;dc&#x259; u&#xE7;otunun t&#x259;&#x15F;kili -- IV F&#x259;sil. B&#xFC;dc&#x259; idar&#x259;, m&#xFC;&#x259;ssis&#x259; v&#x259; t&#x259;&#x15F;kilatlar&#x131;nda material ehtiyatlar&#x131;n&#x131;n u&#xE7;otu -- V F&#x259;sil. B&#xFC;dc&#x259; idar&#x259;, m&#xFC;&#x259;ssis&#x259; v&#x259; t&#x259;&#x15F;kilatlar&#x131;nda maliyy&#x259;l&#x259;&#x15F;m&#x259;nin, pul v&#x259;saitl&#x259;rinin v&#x259; x&#x259;rcl&#x259;rin u&#xE7;otu -- VI F&#x259;sil. B&#xFC;dc&#x259; idar&#x259;, m&#xFC;&#x259;ssis&#x259; v&#x259; t&#x259;&#x15F;kilatlar&#x131;nda hesabla&#x15F;malar&#x131;n u&#xE7;otu -- VII F&#x259;sil. B&#xFC;dc&#x259;d&#x259;nk&#x259;nar v&#x259;saitl&#x259;rin u&#xE7;otu -- VIII F&#x259;sil. B&#xFC;dc&#x259; idar&#x259;, m&#xFC;&#x259;ssis&#x259; v&#x259; t&#x259;&#x15F;kilatlar&#x131;n&#x131;n hesabatlar&#x131;.</subfield>
  </datafield>
  <datafield tag="520" ind1="0" ind2=" ">
    <subfield code="a">Ali m&#x259;kt&#x259;bl&#x259;rd&#x259; "Maliyy&#x259;-kredit" ixtisas&#x131; &#xFC;zr&#x259; m&#xFC;t&#x259;x&#x259;ssisl&#x259;r haz&#x131;rlanmas&#x131; &#xFC;&#xE7;&#xFC;n yaz&#x131;lm&#x15F; bu d&#x259;rs v&#x259;saiti "B&#xFC;dc&#x259; u&#xE7;otu v&#x259; hesabat&#x131;" f&#x259;nninin proqram&#x131;na uy&#x11F;un haz&#x131;rlanm&#x131;&#x15F;d&#x131;r. O, habel&#x259; maliyy&#x259; ixtisas&#x131; &#xFC;zr&#x259; kadr haz&#x131;rlayan texnikum v&#x259; kollec t&#x259;l&#x259;b&#x259;l&#x259;rin&#x259; v&#x259; el&#x259;c&#x259; d&#x259; b&#xFC;dc&#x259;d&#x259;n maliyy&#x259;l&#x259;&#x15F;&#x259;n idar&#x259;, m&#xFC;&#x259;ssis&#x259; v&#x259; t&#x259;&#x15F;kilatlarda i&#x15F;l&#x259;y&#x259;n i&#x15F;&#xE7;il&#x259;r&#x259; k&#xF6;m&#x259;klik g&#xF6;st&#x259;r&#x259; bil&#x259;r.</subfield>
  </datafield>
  <datafield tag="650" ind1=" " ind2="7">
    <subfield code="2">AZ-XaKU</subfield>
    <subfield code="a">D&#xF6;vl&#x259;t maliyy&#x259;si</subfield>
    <subfield code="x">Audit</subfield>
    <subfield code="z">Az&#x259;rbaycan.</subfield>
  </datafield>
  <datafield tag="655" ind1=" " ind2=" ">
    <subfield code="2">AZ-XaKU</subfield>
    <subfield code="a">D&#x259;rs v&#x259;saiti</subfield>
  </datafield>
  <datafield tag="700" ind1="1" ind2=" ">
    <subfield code="a">&#x130;smay&#x131;lov, S. N.,</subfield>
    <subfield code="e">elmi redaktor.</subfield>
  </datafield>
  <datafield tag="700" ind1="1" ind2=" ">
    <subfield code="a">B&#x259;d&#x259;lov, &#x15E;.,</subfield>
    <subfield code="e">r&#x259;y&#xE7;i.</subfield>
  </datafield>
  <datafield tag="700" ind1="1" ind2=" ">
    <subfield code="a">R&#x259;sulov, M.,</subfield>
    <subfield code="e">r&#x259;y&#xE7;i.</subfield>
  </datafield>
  <datafield tag="942" ind1=" " ind2=" ">
    <subfield code="c">BOOK</subfield>
  </datafield>
  <datafield tag="999" ind1=" " ind2=" ">
    <subfield code="c">427</subfield>
    <subfield code="d">427</subfield>
  </datafield>
  <datafield tag="952" ind1=" " ind2=" ">
    <subfield code="0">0</subfield>
    <subfield code="1">0</subfield>
    <subfield code="2">lcc</subfield>
    <subfield code="4">0</subfield>
    <subfield code="7">0</subfield>
    <subfield code="8">BE</subfield>
    <subfield code="a">KU</subfield>
    <subfield code="b">KU</subfield>
    <subfield code="d">2026-05-12</subfield>
    <subfield code="l">0</subfield>
    <subfield code="o">HJ9925 .A9 .K43 2000</subfield>
    <subfield code="p">0000000761</subfield>
    <subfield code="r">2026-05-12 12:09:35</subfield>
    <subfield code="t">1</subfield>
    <subfield code="w">2026-05-12</subfield>
    <subfield code="y">BOOK</subfield>
  </datafield>
</record>
